| 000 | 00346nam a2200097Ia 4500 | ||
|---|---|---|---|
| 008 | 220204s9999 xx 000 0 und d | ||
| 082 |
_a620.91:061.3 _bISA |
||
| 245 | 0 | _aEnergy management for sustainable rural development: 40th ISAE Annual Convention and Symposium | |
| 260 |
_aNew Delhi _bIndian Society of Agricultural Engineers _c2006 |
||
| 942 | _cBK | ||
| 999 |
_c44209 _d44209 |
||